000 00588nam a2200229Ia 4500
003 OSt
005 20220918201113.0
006 a|||||r|||| 00| 0
007 ta
008 220917b |||||||| |||| 00| 0 eng d
024 _a91,734
037 _cTextual
040 _aARTS
_cARTS
_beng
041 _2eng
_aeng
082 _aV0aYz7, L8
100 _aUlmen G L ed
_996848
245 0 _aSociety and history
_b essays in honor of Karl August Wittogel
260 _c1978
650 _aHISTORY
942 _hV0aYz7, L8
_cTEXL
_2CC
999 _c215391
_d215391